Municipalities of South Carolina Counties- Charleston - Statistics

General Stats
  • This quiz has been taken 47 times
  • The average score is 9 of 17
Answer Stats
Population (2020) Municipality % Correct
150,227 Charleston
97%
114,852 North Charleston
94%
90,801 Mount Pleasant
91%
11,621 James Island
69%
4,347 Isle of Palms
60%
50,915 Summerville
60%
2,078 Folly Beach
57%
5,339 Hollywood
51%
2,013 Kiawah Island
51%
2,542 Ravenel
51%
1,891 Sullivan's Island
51%
1,399 Awendaw
43%
605 McClellanville
37%
2,050 Seabrook Island
31%
1,390 Meggett
26%
141 Rockville
20%
1,147 Lincolnville
17%
No matching quizzes found
Score Distribution
Percent of People with Each Score
Percentile by Number Answered
Your Score History
You have not taken this quiz